LEADER 00833cam0 22002411 450 001 SOBE00023951 005 20120327155053.0 100 $a20120327d1983 |||||ita|0103 ba 101 $aita$aeng 102 $aIT 200 1 $a<>atti del discorso economico$ela previsione. Status illocutorio e modelli linguistici nel testo inglese$fLavinia Merlini 210 $aParma$cZara$d1983 215 $a104 p.$d24 cm 700 1$aMerlini Barbaresi$b, Lavinia$3SOBA00003426$4070$0318145 801 0$aIT$bUNISOB$c20120327$gRICA 850 $aUNISOB 852 $aUNISOB$j820$m55332 912 $aSOBE00023951 940 $aM 102 Monografia moderna SBN 941 $aM 957 $a820$b000952$gSI$d55332$1rovito$2UNISOB$3UNISOB$420120327154921.0$520120327154938.0$6rovito 996 $aAtti del discorso economico$91718356 997 $aUNISOB